000 00542nam a22001697a 4500
003 OSt
005 20251001053003.0
008 251001b |||||||| |||| 00| 0 eng d
020 _a0553087231
040 _aDWCL-Main lib
_cOC
082 _aCirc. 641.594 S562p 1994
100 _aShulman, Martha Rose
245 _aProvencal light/
_cMartha Rose Shulman
260 _aUnited States and Canada:
_bBantam Doubleday Dell Publishing Group, Inc.,
_cc1994.
300 _axvii,472 pages:
_billustrations;
_c26cm.
942 _2ddc
_cBK-CIRC
_kCirc.
_n0
999 _c4606
_d4606